Carlton FC All Australians since 1990 - Statistics

General Stats
  • This quiz has been taken 35 times
    21 since last reset
  • The average score is 36 of 52
Answer Stats
Hint Answer % Correct
2022 Charlie Curnow
100%
2023 Charlie Curnow
100%
2021 Harry McKay
100%
2018 Patrick Cripps
100%
2019 Patrick Cripps
100%
2022 Patrick Cripps
100%
2024 Patrick Cripps
100%
1993 Andrew McKay
94%
1999 Andrew McKay
94%
2000 Andrew McKay
94%
2001 Andrew McKay
94%
2008 Chris Judd
94%
2009 Chris Judd
94%
2010 Chris Judd
94%
2011 Chris Judd
94%
2024 Jacob Weitering
94%
2011 Marc Murphy
94%
2021 Sam Walsh
89%
2022 Adam Saad
83%
2017 Sam Docherty
83%
1993 Greg Williams
78%
1994 Greg Williams
78%
2006 Brendan Fevola
72%
2008 Brendan Fevola
72%
2009 Brendan Fevola
72%
1995 Anthony Koutoufides
61%
2000 Anthony Koutoufides
61%
1995 (Coach) David Parkin
61%
1990 Stephen SIlvagni
61%
1994 Stephen SIlvagni
61%
1995 Stephen SIlvagni
61%
1996 Stephen SIlvagni
61%
1997 Stephen SIlvagni
61%
1999 Stephen SIlvagni
61%
1993 Craig Bradley
56%
1994 Craig Bradley
56%
1995 Craig Bradley
56%
1997 Craig Bradley
56%
1990 Stephen Kernahan
56%
1992 Stephen Kernahan
56%
1994 Stephen Kernahan
56%
2000 Brett Ratten
50%
2001 Brett Ratten
50%
1995 Justin Madden
44%
1992 Mil Hanna
44%
2000 Lance Whitnall
39%
2000 Scott Camporeale
39%
1995 Ang Christou
28%
2004 Matthew Lappin
28%
1999 Matthew Allan
22%
1996 Michael Sexton
22%
1997 Michael Sexton
22%
No matching quizzes found
Score Distribution
Percent of People with Each Score
Percentile by Number Answered
Your Score History
You have not taken this quiz since the last reset